Ideen über die Politik, den Verkehr und den Handel der vornehmsten Völker der alten Welt von A.H.L. Heeren. Erster Theil 1 Abth.

Bibliographic Details
Main Author: Heeren, Arnold Hermann Ludwig, 1760-1842 (Author)
Corporate Author: Vandenhoek und Ruprecht (Göttingen, Nemecko) (Printer)
Format: Book
Language:German
PhysicalDescription:xvi, 519 strán 22 cm‬
Subjects:

MARC

LEADER 00000nam a2200000 4500
001 vtls012278327
003 SK-MaSNL
005 20260301232212.0
008 250618t1824 gw a r 00| 0 ger
015 |a SNBHFA1824 
040 |a SNKHF  |b slo  |c SNK  |e rda 
041 |a ger 
044 |a gw  |c DE 
072 7 |a 82  |x Literatúra. Literárny život  |2 konspekt 
080 |a 82:93/94  |2 2011 
100 1 |a Heeren, Arnold Hermann Ludwig,  |d 1760-1842  |4 aut  |9 373636 
245 1 0 |a Ideen über die Politik, den Verkehr und den Handel der vornehmsten Völker der alten Welt  |b von A.H.L. Heeren.  |n Erster Theil 1 Abth. 
264 3 |a Göttingen  |b bey Vandenhoek und Ruprecht  |c 1824 
300 |a xvi, 519 strán  |c 22 cm‬ 
336 |a text  |b txt  |2 rdacontent 
337 |a bez média  |b n  |2 rdamedia 
338 |a zväzok  |b nc  |2 rdacarier 
500 |a Ozdobné linky, kustódy, ilustrovaný titulný list 
504 |a Tlačené vysvetlivky a komentáre pod textom 
563 |a Väzba pôvodná, papierová.  |5 SNK IC 145852/1 
650 0 7 |a literatúra a dejiny  |2 SNKPH  |9 94209 
710 0 |a Vandenhoek und Ruprecht (Göttingen, Nemecko)  |d 1735-  |4 prt  |9 373637 
752 |a Nemecko  |d Göttingen 
852 |a snk  |b Aponiovská knižnica  |p IC 145852/1 
958 |a ONDV 
958 |a DF 
999 |c 960757  |d 962687 
952 |t Op. XXXI/72  |a SNK  |b SNK  |c SNK_HF  |y PREZ  |7 0  |p 17A1488385  |o snkIC 145852/1  |i snk2025/9719  |8 5  |0 0  |1 0  |4 0  |d 2025-06-18  |l 0  |r 2026-02-24 10:17:59  |w 2026-02-24